| 000 | 00794nam a2200229Ia 4500 | ||
|---|---|---|---|
| 001 | 15743 | ||
| 003 | GE_BSU | ||
| 008 | 181216s||||||||xx |||||||||||||| ||und|| | ||
| 040 | _cGE_BSU | ||
| 080 | _a821.353.1-1 + 821.353.1-11 | ||
| 100 | _aხალვაში, ფრიდონ | ||
| 245 | _aმამულიშვილობა | ||
| 245 | _bლექსები და პოემები | ||
| 245 | _cრედ.ც.ქაროსანიძე. მხატვ.ე.ბურჯანაძე | ||
| 260 | _aთბილისი | ||
| 260 | _bმერანი | ||
| 260 | _c1972 | ||
| 300 | _a419გვ. : 1 ფ. ილ. ; 21სმ. | ||
| 653 | _aლექსები და პოემები | ||
| 653 | _aმამულიშვილობა | ||
| 942 | _cBK | ||
| 999 |
_c48841 _d48841 |
||